[Event "Champions Showdown Kings Blitz 2019-B"]
[Site "Saint Louis"]
[Date "2019.02.22"]
[Round "15"]
[White "Duda, Jan-Krzysztof"]
[Black "Nakamura, Hikaru"]
[Result "0-1"]
[WhiteElo "2731"]
[BlackElo "2749"]
[Annotator "TA"]
[PlyCount "122"]
[EventDate "2019.02.09"]
[EventType "match"]
[EventCountry "USA"]
[SourceTitle "playchess.com"]
[Source "ChessBase"]
[SourceQuality "1"]

{[%evp 16,121,16,18,54,45,54,41,45,29,58,28,26,33,25,27,32,16,20,39,50,0,0,-28,-16,-8,0,0,0,0,0,0,0,0,43,47,45,0,0,0,13,0,10,0,29,0,0,0,0,0,0,0,0,0,0,0,0,0,0,0,0,0,50,42,52,0,0,0,0,1,7,8,8,0,0,0,0,0,0,0,0,0,0,0,0,0,0,0,0,0,0,0,0,0,0,0,0,0,0,-29984,-29977,-29969,-203,-29988,-29989,-29989,-29974,-29999]} 1. c4 Nf6 2. Nf3 e6 3. g3 d5 4. Bg2 Be7 5. O-O O-O 6. cxd5 exd5 7. b3 c5 8. d4 b6 {D30: Queen's Gambit Declined: Systems without Nc3} (8... Nc6 9. Bb2 Bg4 10. Ne5 Bh5 11. Nxc6 bxc6 12. Nc3 Re8 13. Rc1 Nd7 14. Qd2 cxd4 15. Qxd4 Bf6 16. Qd2 Qa5 17. Rfd1 Qa6 {0-1 (68) Garcia,J (2429)-Lu,S (2636) Makati 2018}) 9. Bb2 {LiveBook: 20 Games} a5 $146 ({Predecessor:} 9... Bb7 10. Nc3 Nbd7 11. Rc1 Re8 12. Qd3 Rc8 13. Rfd1 Ne4 14. e3 cxd4 15. Nxd4 Ndc5 16. Qb1 Bf6 17. Nce2 Qd7 18. Nf4 Rcd8 19. Bh3 Ne6 20. Ndxe6 fxe6 21. Bxf6 Nxf6 22. Qb2 Qd6 23. Bg2 Rc8 24. Rxc8 Rxc8 25. e4 Qc5 26. Nxe6 {½-½ (26) Huang,Q (2439)-Shuvalova,P (2416) Qinhuangdao 2018}) 10. Nc3 Bb7 {White is slightly better.} 11. Rc1 Na6 12. e3 Re8 13. Qd3 Nb4 14. Qb1 c4 15. Ne5 cxb3 16. axb3 Ba6 17. Rfd1 Bd6 18. h3 Rc8 19. f4 Bb7 20. g4 Ne4 (20... h6 {is interesting.} 21. Bf3 Qe7 22. Ba3 Red8 23. Qf5 g6) 21. Nxe4 Rxc1 22. Bxc1 {[#] Threatens to win with Ng5.} dxe4 23. Bxe4 Bxe4 24. Qxe4 Bxe5 25. fxe5 f6 26. Ba3 Rxe5 $1 27. Qf3 Re7 28. Bxb4 axb4 $11 {[%mdl 4096] Endgame KQR-KQR} 29. Ra1 Re8 30. Kg2 Qc7 31. Ra8 Qc2+ 32. Kg3 {White wants to mate with Qd5+.} Qc7+ 33. Kg2 Qc2+ 34. Kf1 Rxa8 35. Qxa8+ {KQ-KQ} Kf7 36. Qd5+ Kf8 37. Qd6+ Kf7 38. Qxb4 Qc1+ 39. Kf2 Qc2+ 40. Kf3 (40. Kg3 $1 $14) 40... Qd1+ 41. Kf2 Qc2+ $1 42. Kg3 {aiming for Qc4+.} Qc7+ $1 43. Kf3 Qh2 $1 44. Qxb6 {And now Qb7+ would win.} Qxh3+ 45. Kf2 Qh2+ 46. Kf3 {Black should prevent Qb7+.} Qh3+ 47. Kf2 Qh2+ 48. Ke1 Qg1+ 49. Kd2 Qxg4 50. Qc7+ Kg6 51. b4 h5 52. b5 Qg2+ 53. Kc3 {Black must now prevent b6.} h4 54. b6 h3 55. b7 h2 56. b8=Q {Intending Qe8+ and mate.} h1=Q {( -> ...Qc1+)} 57. Kb4 $2 {[%mdl 8192] [#]} (57. Qg3+ $11 Qxg3 58. Qxg3+ Kf7 59. Qc7+ Kg6 60. Qg3+ Kf7 61. Qc7+ Kg6 62. Qg3+) 57... Qb2+ 58. Kc5 Qa3+ $2 (58... Qc2+ {mates} 59. Kd6 Qch2+ 60. Kd7 Qd5+ 61. Qd6 Qf7+ 62. Kc6 Qc2+ 63. Qc5 Qa4+ 64. Kb6 Qab3+ 65. Qb5 Qxb5+ 66. Kxb5 Qb3+ 67. Kc5 Qxb8 68. d5 Qc7+ 69. Kb4 Kf5 70. Kb3 g5 71. Ka4 g4 72. Kb3 g3 73. Kb4 g2 74. d6 Qb7+ 75. Kc3 g1=Q 76. e4+ Qxe4 77. Kb3 Qb6+ 78. Kc3 Qbb4#) 59. Kc4 $2 (59. Qb4 $19 Qhc1+ 60. Kd5 Qa8+ 61. Qbb7 Qg8+ 62. Kd6 Qa3+ 63. Qc5 Qd8+ 64. Qd7 Qf8+ 65. Qe7 Qa6+ 66. Kd7 Qb7+ 67. Ke6 Qe4+ 68. Kd7 Qg4+ 69. Kd6 Qb8+ 70. Qec7 Qg3+ 71. Kd7 Qh3+ 72. Kd6 Qf8+ 73. Kc6 Qe8+ 74. Kb7 Qhxe3 75. Qd5) 59... Qf1+ {Black mates.} 60. Kd5 Qf3+ 61. Ke6 Qf5# {Precision: White = 45%, Black = 65%.} 0-1

[Event "Champions Showdown Kings Blitz 2019-B"]
[Site "Saint Louis"]
[Date "2019.02.22"]
[Round "16"]
[White "Nakamura, Hikaru"]
[Black "Duda, Jan-Krzysztof"]
[Result "1/2-1/2"]
[WhiteElo "2749"]
[BlackElo "2731"]
[Annotator "TA"]
[PlyCount "164"]
[EventDate "2019.02.09"]
[EventType "match"]
[EventCountry "USA"]
[SourceTitle "playchess.com"]
[Source "ChessBase"]
[SourceQuality "1"]

{[%evp 12,164,31,29,34,16,18,-13,-4,-28,-30,-36,-35,-40,-31,-44,-47,-44,-49,-57,-54,-85,-61,-53,-50,-107,-39,-45,-44,-54,-29,-33,60,-70,-25,-54,0,-82,-90,-102,-89,-64,-80,-85,-73,-271,0,-149,-45,-78,-31,-11,-26,-460,-31,-285,-63,-65,-5,-110,-134,-146,-131,-129,-117,-252,-166,-179,-129,-129,-129,-129,-87,-228,-207,-208,-226,-245,-129,-129,-8,-8,-23,-40,0,0,0,-33,-33,-33,-33,-33,0,0,0,-40,-40,-40,0,0,0,0,0,0,0,-3,0,-24,0,0,0,-4,0,0,0,-4,-4,-4,0,0,0,-11,0,0,0,0,0,0,0,0,0,0,0,0,0,0,0,0,0,0,0,0,0,0,0,0,0,0,0,0,0,0,0,0,0]} 1. Nf3 Nf6 2. c4 b6 3. d4 e6 4. g3 Ba6 5. b3 c6 6. Bg2 d5 7. O-O Be7 {E15: Queen's Indian: 4 g3 sidelines, 4 g3 Ba6 and 4 g3 Bb7 early deviations} (7... Nbd7 8. Nbd2 Rc8 9. Re1 Be7 10. e4 O-O 11. e5 Ne8 12. cxd5 cxd5 13. Bb2 Bd3 14. Rc1 Nc7 15. Re3 Bg6 16. Bf1 Nb8 17. a3 Qd7 18. Rec3 a6 19. Ne1 Nb5 20. Rxc8 Rxc8 21. a4 Na7 22. Nd3 {½-½ (22) Kasimdzhanov,R (2704)-Kovalyov,A (2616) Baku 2015}) 8. Ne5 Nfd7 9. Nf3 $146 ({Predecessor:} 9. Nxd7 Nxd7 10. Nd2 b5 11. cxd5 cxd5 12. e4 Nb6 13. e5 b4 14. Re1 O-O 15. Bf1 Bxf1 16. Nxf1 {½-½ (41) Feller,S (2513)-Benidze,D (2365) Yerevan 2007}) 9... dxc4 10. Qc2 cxb3 11. axb3 Bb7 12. Rd1 O-O 13. Nc3 Na6 14. e4 Nb4 15. Qb1 a5 16. Bf4 Re8 17. h4 h6 18. Nd2 (18. Na4 $15) 18... c5 ({Black should try} 18... b5 $1 $17 19. e5 Qb6) 19. Nc4 $15 cxd4 20. Rxd4 Bc5 21. Rd2 Re7 (21... Bc6 $15) 22. Nb5 ({Better is} 22. Na4 $14) 22... Qf8 23. Qd1 Nf6 (23... Bc6 $15 24. Nc3 e5) 24. Bd6 (24. Nc3 $11) 24... Nxe4 $17 25. Bxe7 Qxe7 26. Bxe4 Bxe4 27. Nc3 Bc6 $36 {[%mdl 2048] Hoping for ...Qf6. Black is really pushing.} 28. Ne5 $2 (28. Qe2 $17 {keeps fighting.}) 28... Qf6 $2 (28... Qc7 $19 29. Nxc6 Qxg3+ {[%mdl 64] Double Attack} 30. Kf1 Qh3+ 31. Kg1 Nxc6) 29. Qe1 (29. Nxc6 $11 {was the only way to keep the balance.} Qxc3 30. Nd4) 29... Rf8 (29... Nd5 $1 $17 {[%cal Rd5c3]} 30. Rd3 Bxf2+ $1 {[%mdl 512]} 31. Qxf2 Qxe5) 30. Kh2 Ba8 31. f4 Qf5 32. Nd7 $2 {[%mdl 8192]} (32. Qb1 $11) 32... Rc8 $2 (32... Nc2 $19 33. Qe2 Ne3 34. Nxf8 Ng4+ 35. Qxg4 Qxg4) 33. Nxc5 $4 {[%mdl 8192]} (33. Qe2 $1 $15) 33... Qxc5 $2 (33... Nc2 $19 34. Qb1 Nxa1 35. Qxf5 exf5) 34. Rc1 $15 Qf5 (34... Kh7 $15) 35. Rcd1 (35. Na4 $11 Rb8 36. Qe3) 35... Nd5 $17 36. Nxd5 Bxd5 37. Qe3 b5 {[%cal Bb6b5,Bb5b4][%mdl 32]} 38. Ra1 (38. Qd3 $17 {was necessary.} Qxd3 39. Rxd3) 38... b4 39. Rxa5 Qb1 {[%csl Gd5][%cal Rb1h1]} 40. Raxd5 exd5 41. Qd3 Qxd3 42. Rxd3 {[%mdl 4096] Endgame KR-KR} Rc3 43. Rxd5 Rxb3 44. Rd8+ Kh7 45. h5 {[#]} Rc3 (45... g6 $1 $17 {[%cal Rg6h5]} 46. g4 Rb2+ 47. Kg3 b3) 46. Rb8 $11 b3 47. Rb7 Rc2+ 48. Kh3 b2 49. Kg4 Rf2 50. Kf5 Re2 51. Kg4 Kg8 52. Rb8+ Kh7 53. Rb7 Rh2 54. Kf3 f5 55. Rb8 Rc2 56. Ke3 Rc3+ 57. Kf2 Rc2+ 58. Ke3 Rh2 59. Kf3 g5 60. hxg6+ {The position is equal.} Kxg6 {With the idea ...Kf6.} 61. Rb6+ Kh5 62. Rb5 $1 Kg6 {Black wants to play ...Rc2.} 63. Rb6+ Kf7 64. Ke3 Rg2 65. Kd4 Re2 66. Kd5 Kg7 67. Kd4 h5 68. Kd3 Rg2 69. Kd4 Re2 70. Kd3 Rg2 (70... Rf2 {keeps more tension.} 71. Ke3 Rh2 72. Kd4 h4 73. gxh4 Rxh4 74. Ke5 Rh2) 71. Kd4 Rxg3 {aiming for ...Rg2.} 72. Rxb2 h4 {White must now prevent ...Kg6.} 73. Ke5 Kg6 74. Rb6+ Kh5 75. Kxf5 Rg8 76. Rb7 {[%cal Rb7h7]} Rf8+ 77. Ke4 Kg6 78. Rb6+ Rf6 79. Rxf6+ Kxf6 80. Kf3 Kf5 81. Kg2 {[#]} h3+ $1 {[%mdl 512]} 82. Kxh3 Kxf4 {Accuracy: White = 54%, Black = 41%.} 1/2-1/2

[Event "Champions Showdown Kings Blitz 2019-B"]
[Site "Saint Louis"]
[Date "2019.02.22"]
[Round "17"]
[White "Duda, Jan-Krzysztof"]
[Black "Nakamura, Hikaru"]
[Result "0-1"]
[WhiteElo "2731"]
[BlackElo "2749"]
[Annotator "TA"]
[PlyCount "68"]
[EventDate "2019.02.09"]
[EventType "match"]
[EventCountry "USA"]
[SourceTitle "playchess.com"]
[Source "ChessBase"]
[SourceQuality "1"]

{[%evp 23,68,27,45,29,28,28,101,4,0,6,14,0,0,0,0,-90,-57,-119,-123,-128,-94,-121,-115,-104,-102,-181,-181,-186,-112,-139,0,-206,-203,-203,-210,-198,-210,-246,-254,-247,-252,-448,-436,-562,-564,-622,-610]} 1. c4 Nf6 2. Nf3 e6 3. g3 d5 4. Bg2 Be7 5. O-O O-O 6. cxd5 exd5 7. b3 Bd6 8. Bb2 Re8 9. d3 c5 10. d4 Nc6 11. Nc3 Bg4 12. dxc5 Bxc5 13. h3 {D34: Tarrasch Defence: 6 g3 Nf6 7 Bg2 Be7} (13. Rc1 Bb4 14. h3 Bh5 15. a3 Bxc3 16. Bxc3 Ne4 17. Bb2 Qb6 18. g4 Bg6 19. Nd4 Rac8 20. e3 h6 21. Ne2 {1-0 (74) Mamedov,R (2651)-Ganguly,S (2626) Moscow 2013}) 13... Bxf3 14. Bxf3 Ne4 (14... Qd7 $11 15. Na4 (15. Nxd5 Nxd5 16. Rc1 Bb6 $15) 15... Be7) 15. Kg2 $146 (15. Qxd5 $16 Qxd5 16. Nxd5) ({Predecessor:} 15. Qxd5 Nxc3 16. Qxc5 Nxe2+ 17. Kg2 Qd2 18. Rab1 Rad8 19. Rfd1 Qxd1 20. Rxd1 Rxd1 21. Qg5 g6 22. Qf6 Kf8 23. Qg7+ Ke7 24. Bxe2 {1-0 (23) Kosic,D (2415)-Hugony,F (2320) San Benedetto 1990}) 15... Bd4 $11 16. Rc1 Qa5 {[%cal Rd4c3]} 17. Qe1 Bxc3 18. Bxc3 Qxa2 {...d4 is the strong threat.} 19. b4 (19. Qd1 $1 $11) 19... a6 ({Don't play} 19... Nxc3 $6 20. Qxc3 g6 21. Ra1 $11) 20. Rd1 ({White should play} 20. Qd1 $15) 20... Rad8 $36 {[%mdl 2048] Black is really pushing.} 21. e3 Ng5 22. Qe2 Qxe2 23. Bxe2 {[#]} d4 $1 {[%mdl 512]} 24. Bd2 (24. Bb2 $17) (24. Bxd4 Nxd4) 24... d3 $19 25. Bg4 Ne5 (25... g6 $19 26. h4 Ne4) 26. Bc3 $17 {[#]} Nc6 (26... Ne4 $1 $17 {[%cal Re4c3]} 27. Bd4 g6) 27. Bf5 $2 (27. Bd2 $1 $11 {and White is okay.}) 27... Ne4 $19 28. Bxe4 Rxe4 29. Rb1 Rc4 30. Rb3 d2 31. Rd1 Rd3 32. Rxd2 $2 (32. b5 axb5 33. Rxd2 Rdxc3 34. Rxb5) 32... Rdxc3 {Black is clearly winning.} 33. Rxc3 Rxc3 34. Rd7 b5 {Accuracy: White = 20%, Black = 46%.} 0-1

[Event "Champions Showdown Kings Blitz 2019-B"]
[Site "Saint Louis"]
[Date "2019.02.24"]
[Round "18"]
[White "Nakamura, Hikaru"]
[Black "Duda, Jan-Krzysztof"]
[Result "1-0"]
[WhiteElo "2749"]
[BlackElo "2731"]
[Annotator "TA"]
[PlyCount "79"]
[EventDate "2019.02.09"]
[EventType "match"]
[EventCountry "USA"]
[SourceTitle "playchess.com"]
[Source "ChessBase"]
[SourceQuality "1"]

{[%evp 14,79,21,19,27,21,58,56,81,86,82,68,81,107,97,99,92,30,33,13,27,23,24,28,28,26,21,24,43,37,52,14,43,12,11,16,8,0,32,28,35,24,45,45,41,35,124,125,205,195,193,186,300,331,306,262,258,270,346,338,331,330,343,320,395,408,379,380]} 1. Nf3 d5 2. d4 Nf6 3. c4 c6 4. e3 e6 5. Bd3 Nbd7 6. O-O Bd6 7. Nc3 dxc4 8. Bxc4 b5 {D46: Semi-Slav: 5 e3 Nbd7 6 Bd3, Black avoids the Meran} (8... O-O 9. e4 e5 10. Be3 Qe7 11. Bb3 exd4 12. Bxd4 Ne5 13. Nxe5 Bxe5 14. Bxe5 Qxe5 15. f4 Qc5+ 16. Kh1 Be6 17. e5 Rad8 18. Qf3 {1-0 (38) Yilmaz,M (2624)-Baryshpolets,A (2603) Ankara 2018}) 9. Bb3 O-O 10. e4 {[#] aiming for e5.} b4 {White is slightly better.} 11. e5 bxc3 12. exd6 Ba6 13. Re1 Qb8 $146 ({Predecessor:} 13... Nb6 14. bxc3 Qxd6 15. a4 Rfe8 16. Ne5 Nfd7 17. Ba3 {1-0 (28) Beradze,I (2495)-Jaiswal,R (2165) Batumi 2018}) 14. bxc3 Qxd6 15. a4 (15. Ne5 $16) 15... c5 $11 16. Ba3 Rac8 17. Ne5 Qc7 18. Nxd7 Nxd7 19. d5 exd5 20. Qxd5 Nf6 21. Qf5 Rfd8 22. Re3 Rb8 23. Bc2 Rd5 $1 {[%cal Rd5f5]} 24. Qf3 Bb7 $132 {[%mdl 2048] [#] ...Rg5 is the strong threat. Black has counterplay} 25. Qe2 Rbd8 {Threatens to win with ...Rd2.} 26. Re1 {[%cal Ba1e1,Be1e7,Be7c7][%mdl 32] Threatening mate with Re8+!} Qc6 {Strongly threatening ...Rd2.} 27. Qb5 h6 28. Re7 R5d7 {[%csl Gb7][%cal Rc6g2]} 29. f3 Rxe7 (29... Rd2 $14 30. Qxc6 (30. Rxb7 Qxb5 31. Bh7+ Kxh7 $14) (30. Qxb7 Qxb7 31. Bh7+ Kxh7 $11) 30... Bxc6) 30. Rxe7 $16 Ba8 (30... Nd7 $16 {keeps fighting.}) 31. Qxc6 $18 (31. Qxc5 $6 Rd2 $16) (31. Rxa7 $6 Qe6 $14) 31... Bxc6 32. Rc7 Bd7 (32... Be8 $142 33. Rxa7 (33. Bxc5 Nd5 $18) 33... Nd5) 33. Bxc5 ({Resist} 33. Rxa7 $6 Rc8 $18) 33... Be6 {Black hopes to continue with ...Rd2.} 34. Bd4 a6 35. Rc6 a5 36. Ra6 Nd5 37. Rxa5 Rc8 38. Be4 Nf4 39. Ra8 Rxa8 40. Bxa8 {Accuracy: White = 70%, Black = 35%.} 1-0

[Event "Champions Showdown Kings Blitz 2019-B"]
[Site "Saint Louis"]
[Date "2019.02.22"]
[Round "19"]
[White "Duda, Jan-Krzysztof"]
[Black "Nakamura, Hikaru"]
[Result "1-0"]
[WhiteElo "2731"]
[BlackElo "2749"]
[Annotator "TA"]
[PlyCount "141"]
[EventDate "2019.02.09"]
[EventType "match"]
[EventCountry "USA"]
[SourceTitle "playchess.com"]
[Source "ChessBase"]
[SourceQuality "1"]

{[%evp 18,141,20,18,27,22,37,32,53,41,35,46,91,27,109,109,130,33,54,39,78,62,116,113,110,115,127,130,126,123,151,143,199,181,184,197,225,221,252,182,217,228,220,218,331,330,327,296,366,267,267,267,247,256,353,353,346,344,380,369,380,380,318,318,444,443,435,359,359,292,292,292,300,293,286,260,253,242,249,124,125,0,249,249,444,444,471,471,471,450,1164,1055,1008,927,1034,1034,1047,985,780,0,1032,1032,1014,1000,918,833,812,812,706,699,29948,29947,12842,29962,29962,29963,5832,5724,7691,4674,29977,29978,29987,29988,29989,29980]} 1. e4 e5 2. Nf3 Nc6 3. Bc4 Bc5 4. c3 Nf6 5. d3 d6 6. Nbd2 O-O 7. O-O a5 {C54: Giuoco Piano: 4 c3 Nf6, main lines with 5 d4 and 5 d3} 8. h3 h6 9. Re1 Re8 10. Nf1 {LiveBook: 3 Games} Ne7 $146 ({Predecessor:} 10... Ba7 11. Ng3 Be6 12. Bb5 Bd7 13. Ba4 Ne7 14. Bc2 Ng6 15. d4 b5 16. Be3 {0-1 (44) McShane,L (2669)-Adams,M (2706) Hull 2018}) 11. d4 exd4 12. cxd4 Bb4 13. Re2 {a3 is the strong threat.} d5 14. e5 {Black must now prevent Bd3.} Ne4 15. Bd3 (15. a3 $16) 15... Nc6 (15... Nf5 $11) 16. a3 $36 {[%mdl 2048] White is on the roll.} Bf8 17. Bxe4 ({White should try} 17. Ng3 $16) 17... dxe4 $14 18. Rxe4 f6 19. Bf4 fxe5 (19... f5 $14 20. Re1 Be6) 20. Bxe5 Nxe5 21. Nxe5 Be6 22. Ne3 c6 23. Qh5 Bd6 24. Re1 {[%cal Ba1e1,Be1e3,Be3e7][%mdl 32] And now N3g4 would win.} Bxe5 (24... Qf6 $16 25. N3c4 Bc7) 25. Rxe5 $18 Bf7 26. Qg4 Qf6 27. Nf5 Rad8 28. R1e3 h5 29. Qf4 Kh7 30. Rxe8 ({Don't play} 30. Rxa5 Bd5) 30... Bxe8 (30... Rxe8 $142 31. Rxe8 Bxe8) 31. Re7 Bf7 32. Qe5 ({Don't take} 32. Rxb7 $6 c5 $18) 32... Kg6 {Black wants to play ...Rd5.} 33. Rxb7 Qxf5 34. Qxf5+ Kxf5 35. Rxf7+ {[%mdl 4096] Endgame KR-KR} Kg6 36. Ra7 Rxd4 37. Rxa5 Rd1+ 38. Kh2 Rd2 39. Rc5 Rxb2 40. Rxc6+ Kh7 41. f3 Ra2 42. Ra6 h4 43. f4 Rf2 44. Ra4 Kg6 45. Kg1 Ra2 46. Ra5 Kh6 47. Rg5 g6 48. Rg4 (48. Ra5 $18) 48... Kh5 $16 49. Rg5+ (49. g3 $1 $16 hxg3 50. Rxg3) 49... Kh6 $18 50. Ra5 Rc2 $2 (50... Kg7 51. Ra6 Kf7) 51. f5 {[%cal Bf4f5,Bf5f6,Bf6f7][%mdl 32]} g5 52. f6 Kg6 {[#]} 53. f7 $1 {[%cal Rf7f8]} Rc8 (53... Kxf7 $142 54. Rxg5 Ra2) 54. Ra7 Kg7 55. Kf2 Rc4 56. a4 Rc2+ 57. Kf3 Rc3+ 58. Kf2 Rc2+ 59. Kg1 $1 Rc1+ {[#]} 60. Kh2 $1 Ra1 61. a5 Kf8 62. a6 Kg7 {[#]} 63. g4 $1 Ra3 64. Kg2 Kf8 65. Kf2 (65. Kf1 $18 Ra2 66. Ke1) 65... Kg7 66. Ke2 Kf8 67. Kd2 Kg7 68. Kc2 Rxh3 69. Rd7 {White mates.} Rh2+ 70. Rd2 Rh3 71. a7 {Precision: White = 73%, Black = 39%.} 1-0

[Event "Champions Showdown Kings Blitz 2019-B"]
[Site "Saint Louis"]
[Date "2019.02.22"]
[Round "20"]
[White "Nakamura, Hikaru"]
[Black "Duda, Jan-Krzysztof"]
[Result "1-0"]
[WhiteElo "2749"]
[BlackElo "2731"]
[Annotator "TA"]
[PlyCount "117"]
[EventDate "2019.02.09"]
[EventType "match"]
[EventCountry "USA"]
[SourceTitle "playchess.com"]
[Source "ChessBase"]
[SourceQuality "1"]

{[%evp 14,117,23,25,27,20,34,29,75,71,80,83,73,17,11,27,22,8,15,8,27,28,8,22,20,15,23,16,22,29,12,4,7,4,63,6,20,20,37,5,26,24,23,6,14,14,18,18,32,20,26,26,16,18,20,18,23,22,64,0,0,0,0,0,0,0,241,229,261,276,480,470,729,718,1066,1050,1037,987,827,526,506,448,452,440,546,497,1056,945,5097,4481,4586,800,1090,991,846,784,4134,1314,29979,29981,29981,29982,29981,29983,29984,29985]} 1. Nf3 d5 2. d4 Nf6 3. c4 c6 4. e3 e6 5. Bd3 Nbd7 6. O-O Bd6 7. Nc3 dxc4 8. Bxc4 b5 {D46: Semi-Slav: 5 e3 Nbd7 6 Bd3, Black avoids the Meran} (8... O-O 9. e4 e5 10. Be3 Qe7 11. Bb3 exd4 12. Bxd4 Ne5 13. Nxe5 Bxe5 14. Bxe5 Qxe5 15. f4 Qc5+ 16. Kh1 Be6 17. e5 Rad8 18. Qf3 {1-0 (38) Yilmaz,M (2624)-Baryshpolets,A (2603) Ankara 2018}) 9. Bb3 b4 10. Na4 c5 {White has an edge.} 11. dxc5 Nxc5 12. Nxc5 Bxc5 13. Qc2 $146 ({White should play} 13. Qxd8+ $16 Kxd8 14. Ne5) ({Predecessor:} 13. Ba4+ Ke7 14. Ne5 Bb7 15. Nc6+ Bxc6 16. Bxc6 Qxd1 17. Rxd1 {½-½ (48) Plischki,S (2367)-Bartos,J (2199) Marianske Lazne 2013}) 13... Qb6 $11 14. Ba4+ Bd7 15. Ne5 Bb5 16. Nc4 Qa6 17. Bxb5+ Qxb5 18. b3 O-O 19. Bb2 Be7 20. Rad1 Rfd8 21. Rxd8+ Rxd8 22. Rd1 Rxd1+ 23. Qxd1 Qd5 (23... Nd5 $11) 24. Qc2 (24. Qxd5 $14 Nxd5 25. Kf1) 24... Ne4 25. f3 Nc5 26. Kf1 h6 27. Bd4 a6 28. Qd2 Qf5 29. Qd1 h5 30. Ke2 Qg5 31. g3 Qf5 32. e4 Qh3 33. Qg1 Nd7 34. Nb2 $36 {[%mdl 2048] White has good play.} e5 35. Nd3 Qe6 ({Don't blunder} 35... exd4 $2 36. Nf4 $18) 36. Bb2 (36. Be3 $14) 36... a5 37. Qa7 Qc6 38. Qe3 a4 39. Qc1 Qe6 $2 (39... Qa6 $11 {and Black has nothing to worry.}) 40. Qc8+ $18 Kh7 {[#]} 41. Nxe5 $1 {[%mdl 512]} axb3 $2 (41... Nxe5 42. Qxe6 fxe6) 42. Qxd7 ({Worse is} 42. Nxd7 bxa2 43. Nf8+ Bxf8 $11) 42... Qa6+ (42... Qxd7 $142 43. Nxd7 bxa2) 43. Nd3 bxa2 44. Qxe7 {[%mdl 64] Double Attack} a1=Q 45. Bxa1 Qxa1 46. Qxb4 Qg1 47. Qe1 Qxh2+ 48. Ke3 g5 49. e5 h4 (49... Kg8 $142 50. Qa5 Qxg3 51. Qd8+ Kg7 52. Qf6+ Kg8) 50. gxh4 gxh4 51. Nf4 Kh6 52. Qd1 Qg3 53. Qd6+ Kh7 54. Qf6 Qg1+ 55. Ke4 Qe1+ 56. Kf5 {White mates.} Qb1+ 57. Kg5 Qg1+ 58. Kh5 h3 59. Qxf7+ {Accuracy: White = 69%, Black = 39%.} 1-0

[Event "Champions Showdown Kings Blitz 2019-B"]
[Site "Saint Louis"]
[Date "2019.02.22"]
[Round "21"]
[White "Duda, Jan-Krzysztof"]
[Black "Nakamura, Hikaru"]
[Result "1-0"]
[WhiteElo "2731"]
[BlackElo "2749"]
[Annotator "TA"]
[PlyCount "149"]
[EventDate "2019.02.09"]
[EventType "match"]
[EventCountry "USA"]
[SourceTitle "playchess.com"]
[Source "ChessBase"]
[SourceQuality "1"]

{[%evp 12,149,14,10,11,0,12,-4,0,0,0,0,7,0,4,1,0,0,6,0,0,0,0,0,0,-10,0,0,7,7,7,7,13,-106,0,-2,-2,0,0,0,3,3,3,3,0,-22,4,0,12,5,13,0,0,0,17,0,17,0,8,8,12,14,14,0,0,0,0,0,0,0,0,0,23,0,105,12,45,41,157,182,291,51,56,0,152,125,362,220,243,229,233,185,187,180,180,180,180,179,172,0,151,0,172,0,0,0,0,0,0,0,0,0,261,253,1606,1570,1589,138,1577,1494,1624,1466,29968,29968,5202,5102,29983,29983,29983,29976,29976,29972,29978,29979,29984,29985,29985,29986,29985,29986]} 1. e4 e5 2. Nf3 Nc6 3. Bc4 Bc5 4. c3 Nf6 5. d3 d6 6. O-O O-O 7. Nbd2 a5 {C54: Giuoco Piano: 4 c3 Nf6, main lines with 5 d4 and 5 d3} 8. h3 Be6 9. Re1 Bxc4 $146 {The position is equal.} ({Predecessor:} 9... h6 10. Bb5 Ba7 11. Nf1 Ne7 12. Ng3 c6 13. Ba4 Ng6 14. Bc2 Qc7 15. d4 {1-0 (36) Karjakin,S (2769)-Tomashevsky,E (2728) Wijk aan Zee 2016}) 10. Nxc4 h6 11. Be3 Bxe3 12. Nxe3 Re8 13. Qb3 Qd7 14. Rad1 a4 15. Qc2 b5 {[%cal Bb7b5,Bb5b4][%mdl 32]} 16. Nh2 b4 17. Nhg4 Nxg4 18. hxg4 a3 19. b3 bxc3 20. Qxc3 Nd4 21. Nf5 c5 22. Re3 (22. Qd2 $11 {remains equal.}) 22... h5 ({Better is} 22... g6 $1 $17 {[%cal Rg6f5]} 23. Nxh6+ Kg7) 23. gxh5 $11 Nxf5 24. exf5 Qxf5 25. Rh3 Rab8 {[%cal Ba8b8,Bb8b4,Bb4g4][%mdl 32]} 26. Qc1 Rb4 27. Qxa3 Rg4 28. Re1 Rg5 29. Ree3 Rxh5 30. Ref3 Qg6 31. Qa7 {Threatens to win with Qd7.} Rxh3 32. Rxh3 {[%mdl 4096] Endgame KQR-KQR} f5 33. a4 e4 34. dxe4 Rxe4 35. Qa8+ Kf7 36. Qb7+ Re7 37. Qd5+ Qe6 38. Qf3 Qe1+ 39. Kh2 Qe5+ 40. g3 Qe4 41. Qh5+ Kg8 42. Rh4 Qc2 (42... Qd5 $11 {keeps the balance.} 43. Rf4 (43. Qh8+ Kf7 $11) 43... Re1) 43. Qh7+ (43. Qf3 $1 $16) 43... Kf7 (43... Kf8 $5 {[%cal Rc2f2]} 44. Rf4 Ke8 $14) 44. Rf4 $36 {[%mdl 2048] White is pushing.} Re5 (44... Ke6 $14) 45. a5 $1 $16 {[%cal Ra5a6]} Qd3 {[#]} (45... Qa2 {was worth a try.} 46. g4 (46. Rxf5+ Rxf5 47. Qxf5+ Ke7 $16) 46... Qxa5) 46. Qh5+ $2 (46. Rg4 $1 $18 {[%mdl 512]} Ke6 (46... fxg4 47. Qxd3) 47. Rxg7) 46... Kg8 $1 $14 47. Qg6 (47. g4 $14) 47... Qa6 $2 (47... Qd5 $1 $11 48. Qh5 Qxb3) 48. b4 c4 $2 (48... Qd3 $16) 49. Rxf5 Rxf5 50. Qxf5 $18 {KQ-KQ} c3 51. Qe6+ Kh8 52. Qe8+ Kh7 53. Qh5+ Kg8 54. Qd5+ Kh8 55. Qh5+ Kg8 56. Qe8+ Kh7 57. Qe3 $2 ({White must play} 57. Qe4+ $18 Kh8 58. Qf3) 57... Qc4 $11 58. a6 {Black must now prevent a7.} c2 59. a7 c1=Q 60. Qxc1 Qxc1 61. a8=Q {And now Qe4+ would win. KQ-KQ} Qc2 $2 {[%mdl 8192]} (61... Qe1 $11 {and Black is okay.}) 62. Qf3 $18 Qc4 $2 (62... Qb2 63. Qf5+ Kh6) 63. Qh5+ Kg8 64. Qe8+ Kh7 {[#]} 65. b5 $1 {[%cal Bb4b5,Bb5b6,Bb6b7][%mdl 32]} Qc5 66. Kg1 d5 67. Qc6 Qd4 68. b6 Qd1+ 69. Kg2 {White mates.} Qb1 70. Qe6 d4 71. Qh3+ Kg8 72. Qc8+ Kh7 73. b7 Qe4+ 74. Kh2 Qf3 75. Qh3+ {Accuracy: White = 58%, Black = 53%.} 1-0